000 00990nam a22002537a 4500
005 20170123164147.0
010 _aB-047302
020 _c100.00
_a8187762276
035 _aB-047302
037 _bCen Lib/Ret
040 _aDPL
_bPN
082 _a
_bਚਾਵਲਾ
100 _aਚਾਵਲਾ, ਸੁਰਿੰਦਰ ਕੌਰ
_9778
245 _aਜਲ ਬਿਨੁ ਸਾਖ ਕੁਮਲਾਵਤੀ /
_cਸੁਰਿੰਦਰ ਕੌਰ ਚਾਵਲਾ
246 _aJal bin saakh kumlawti /
_bby Surinder Kaur Chawla
260 _aਦਿੱਲੀ
_bਐਚ. ਕੇ ਪ੍ਰਕਾਸ਼ਨ
_c2002
270 _a16/16, (1st floor) ਗੀਤਾ ਕਾਲੋਨੀ
_bਦਿੱਲੀ
_e110031
300 _a87p ;
_c20cm
650 _aਪੰਜਾਬੀ ਕਹਾਣੀਆ
_9122909
650 _aਸਾਹਿਤ -- ਪੰਜਾਬੀ
_9122910
650 _aliterature -- Punjabi
_9114104
650 _aPunjabi -- story
_9116063
942 _2ddc
_cPN
_h
_mਚਾਵਲਾ
999 _c110078
_d110078